000 00671nam a2200121Ia 4500
008 220615s9999||||xx |||||||||||||| ||und||
100 _aRainer, Rainer
245 0 _aRadical Approaches to Political Science
_bRoads Less Traveled
546 _aEnglish[eng]
650 _aPolitical Science||radical politics||non-mainstream political science||Ideology||History of ideas||political history||critical theory||Poland||Portugal||Germany||USA
856 _uhttps://library.oapen.org/bitstream/20.500.12657/25797/1/1004292.pdf||https://library.oapen.org/bitstream/20.500.12657/25797/1/1004292.pdf||https://library.oapen.org/bitstream/20.500.12657/25797/1/1004292.pdf
942 _cEB
999 _c11372
_d11372